000 01102na a2200337 4500
001 24223
003 MIRAKIL
005 20181213155332.0
008 180702b tu 000 0
020 _a9786056803130
040 _aMilas
_btur
_cTR-AnCHP
041 _atur
082 _aCHP 324.2182
_bC3645o 2018
090 _aCHP 324.2182 C3645o 2018
110 _aCumhuriyet Halk Partisi (CHP)
_bHalkla İlişkiler
245 _a15 Temmuzdan sonra Akp
_bFetö'ye selam Ohal'e devam
_cCHP Halkla İlişkiler
246 _aFetö'ye selam Ohal'e devam
260 _aAnkara
_bCHP
_cMayıs 2018
300 _a102 s.
_brnk. res.
_c21 sm.
440 _aCHP Halkla İlişkiler yayınları
_pRaporlar
600 _aGülen, Fethullah
_xAKP
610 _aCumhuriyet Halk Partisi (CHP)
_bHalkla İlişkiler
_xFETÖ
610 _aAKP
_xSiyaset ve yönetim
_y2002-
610 _aAKP
_xGülen cemaati
650 _aOHAL
_x20 Temmuz 2015-
650 _aSiyaset ve yönetim
_xTürkiye
650 _a15 temmuz darbe girişimi
657 _aCHP Fetö raporu
830 _aCHP raporları
942 _2dcc
_cBKS
999 _c10745
_d10745